[Event "Hoogovens-B"]
[Site "Wijk aan Zee"]
[Date "1998.01.27"]
[Round "7"]
[White "Kasimdzhanov, Rustam"]
[Black "Shaked, Tal"]
[Result "1/2-1/2"]
[WhiteElo "2565"]
[BlackElo "2535"]
[Annotator "Yudasin,L"]
[PlyCount "179"]
[EventDate "1998.01.20"]
[EventType "tourn"]
[EventRounds "11"]
[EventCountry "NED"]
[EventCategory "10"]
[SourceTitle "CBM 063"]
[Source "ChessBase"]
[SourceDate "1998.03.26"]
[SourceVersion "1"]
[SourceVersionDate "1998.03.26"]
[SourceQuality "1"]

1. g3 {Hecht} g6 2. Bg2 Bg7 3. d4 Nf6 4. e4 d6 5. Ne2 O-O 6. O-O e5 7. Nbc3
Nbd7 (7... Nc6) (7... c6) 8. h3 c6 9. a4 a5 10. Be3 (10. dxe5 dxe5 11. Be3 Qe7
$10) 10... exd4 (10... Re8) 11. Bxd4 Re8 12. g4 $1 h6 (12... Nc5 $2 13. e5) 13.
Ng3 Nc5 14. e5 $6 (14. Re1 Ne6 15. Be3 $36) 14... Nh7 15. exd6 Qxd6 16. Bxg7
Qxd1 17. Raxd1 Kxg7 18. Nge4 $14 Nxe4 19. Nxe4 Nf6 20. Nd6 Re7 21. Rfe1 Kf8 22.
f4 h5 $1 (22... Ne8 23. Nc4 (23. Ne4 f5 $13) (23. Nxc8 Rxc8 24. Kf2 $14) 23...
Rxe1+ 24. Rxe1 Be6 $10) 23. g5 Nd5 $1 (23... Ne8 24. Ne4 (24. Nxc8 Rxc8 25. Kf2
$14) 24... Bf5 25. c3 (25. Nc5 $10) 25... Nc7 26. Nd6 Bc2 27. Rc1 Rxe1+ 28.
Rxe1 Rb8 $17) 24. Bxd5 cxd5 25. Rxe7 Kxe7 26. Rxd5 (26. Nxc8+ Rxc8 27. Rxd5
Rxc2 28. Rxa5 Rxb2 29. f5 $10) 26... Bxh3 27. Nxb7 {[#] Hecht Aktive schwarze
Verteidigung mit einem starken Läufer. Ab Zug 65 TS gegen T} Rb8 28. Nxa5 Rxb2
29. Nc6+ Kf8 (29... Ke6 30. Rc5 (30. Rb5 $1) 30... Kd6 31. Rc3 Bf5 32. Nd4 Be4
$15) 30. Nd4 Kg7 (30... Bg4 {/\h4=}) 31. a5 Ra2 32. Kf2 (32. Rc5 Ra4 33. c4 Bg4
{/\h4,Ra1}) 32... h4 33. Kg1 (33. Rc5 Bg4) 33... Bc8 $6 (33... Bg4 $10) 34. Rc5
Ra1+ (34... Bg4 $10) 35. Kh2 (35. Kf2 h3 36. Kg3 Rg1+) 35... Bb7 $6 36. Kh3
Rh1+ 37. Kg4 f5+ (37... h3 38. Kg3 Bg2 39. f5 $1 $36) 38. gxf6+ Kxf6 39. a6 $1
Bg2 40. Ra5 h3 41. Kg3 Rd1 42. Ra4 (42. Nf3 Bxf3 43. Kxf3 h2) (42. Nb5 Rd2 43.
a7 Ba8 44. Kxh3 Rxc2 $14) 42... g5 43. fxg5+ Kxg5 44. a7 Rg1 45. Ne2 (45. Nf3+
$2 Bxf3+ 46. Kxf3 $4 h2) 45... Re1 46. Nf4 Re3+ 47. Kh2 Ba8 48. Nxh3+ Kf6 49.
Nf4 Rc3 50. Ra2 Ke5 51. Nd3+ (51. Ne2 Rc7 {/\Kd6-c5-b6}) 51... Kd6 52. Kg3 Kc7
(52... Rc8 {/\B~~,Ra8,Kc7}) 53. Kf4 Kb6 54. Ne5 $1 Rc7 (54... Bh1 55. Nd7+ Kc7
56. Nf6 Rc4+ 57. Ke5) 55. c4 Kc5 (55... Rxa7 56. c5+ Kb7 57. c6+ Kb8 58. Nd7+)
56. Kf5 Rh7 57. Ra4 Rh5+ 58. Ke6 Rh6+ 59. Kd7 Rh7+ 60. Kc8 Kd6 (60... Rh8+ 61.
Kc7 Rh7+ 62. Nd7+) 61. Ng6 Bc6 $1 62. a8=Q (62. Ra6 Rc7+ 63. Kd8 Rd7+ 64. Ke8
Rxa7+) 62... Bxa8 63. Rxa8 Rc7+ 64. Kd8 Rxc4 $14 65. Ne7 Ke6 66. Ra6+ Ke5 67.
Nc6+ Ke4 68. Kd7 Rc1 69. Kd6 Rd1+ 70. Ke6 Rh1 71. Ra4+ Ke3 72. Ne5 Rh8 73. Nc4+
Kd4 74. Nd6+ Kd3 75. Ke5 Rh5+ 76. Nf5 Rg5 77. Rh4 Rg8 78. Rh3+ Kd2 79. Nd6 Rd8
80. Nc4+ Kc2 81. Ke4 Re8+ 82. Ne5 Re7 83. Kd4 Re8 84. Rc3+ Kd2 85. Nc4+ Ke2 86.
Rc2+ Kf3 87. Ne5+ Kf4 88. Rf2+ Kg3 89. Rf7 Ra8 90. Ke4 {Yudasin} 1/2-1/2

[Event "Pamplona 9798 8th"]
[Site "Pamplona"]
[Date "1998.01.05"]
[Round "9"]
[White "Magem Badals, Jordi"]
[Black "Strikovic, Aleksa"]
[Result "1/2-1/2"]
[WhiteElo "2550"]
[BlackElo "2560"]
[Annotator "Yudasin,L"]
[PlyCount "57"]
[EventDate "1997.12.28"]
[EventType "tourn"]
[EventRounds "9"]
[EventCountry "ESP"]
[EventCategory "13"]
[SourceTitle "CBM 063"]
[Source "ChessBase"]
[SourceDate "1998.03.26"]
[SourceVersion "1"]
[SourceVersionDate "1998.03.26"]
[SourceQuality "1"]

1. e4 g6 2. d4 Bg7 3. Nf3 d6 4. c3 Nf6 5. Bd3 O-O 6. O-O Nc6 7. Re1 (7. h3 $5)
7... e5 8. h3 Re8 9. Na3 (9. d5 $5 {/\c4,Nc3}) 9... exd4 (9... d5 10. exd5 Nxd5
11. dxe5 Nxe5 12. Nxe5 Bxe5 13. Be4 c6 14. c4 Nf6 15. Qxd8 Rxd8 16. Bxg6 hxg6
17. Rxe5 Rd1+ 18. Kh2 Bf5 19. b3) 10. cxd4 d5 11. e5 Ne4 12. Bf4 (12. Nc2 Bf5
$6 13. Ne3 Be6 14. a3 $36 {/\Qc2,NdR}) 12... f5 $6 (12... Be6) 13. exf6 Qxf6 $2
(13... Bxf6 14. Nb5 Re7 $14) 14. Qb3 $1 (14. Bxc7 Nxd4 15. Bxe4 dxe4 16. Nxd4
Qxd4 17. Qxd4 Bxd4 18. Re2 Bc5 $10) 14... Be6 $1 $8 (14... Qf7 15. Nb5) 15.
Qxb7 (15. Bxc7 Nxd4) (15. Be3 Rab8) 15... Nxd4 16. Nxd4 Qxd4 17. Bxe4 dxe4 18.
Nb5 Qxb2 $5 (18... Qf6 $2 19. Bxc7 Qxb2 20. Rab1 Qxa2 21. Nd6 Bd5) 19. Rab1 Qf6
(19... Qxa2 20. Nxc7 Rab8 21. Qxb8 (21. Nxe8 $5 Rxb7 22. Rxb7 Bd4 23. Be3 $16)
21... Rxb8 22. Rxb8+ Kf7 23. Nxe6 Kxe6 24. Be3 $16) 20. Nxc7 Qxf4 (20... Rab8
21. Qxb8 Rxb8 22. Rxb8+ Kf7 23. Nxe6 Qxe6 24. Rb7+ Kf8 25. Rxa7 $16) 21. Nxe6
$1 (21. Nxa8 Be5 22. g3 Qf8 23. Qxe4 $16) 21... Qe5 22. Nc7 (22. Nxg7 Qxg7 23.
Rxe4 Qxb7 24. Rxe8+ Rxe8 25. Rxb7 Re1+ 26. Kh2 Re2 27. Rxa7 Rxf2 $14) 22...
Rab8 23. Qxa7 (23. Qxb8 Rxb8 24. Rxb8+ Kf7 25. Rb7 Kf6 26. Rxa7 $16) 23... Rxb1
24. Rxb1 Rd8 25. Rb8 $2 (25. Nb5 $16) 25... Qa1+ 26. Kh2 Qd1 {/\Be5 26.g3 Bg3}
27. Rxd8+ Qxd8 28. g3 (28. Qa8 $4 Be5+ 29. g3 Bxc7) 28... Bd4 29. Ne6 {29...
Ba7 30.Nd8 Bf2 31.Nc6 Kf7= Yudasin} 1/2-1/2

[Event "Hoogovens-B"]
[Site "Wijk aan Zee"]
[Date "1998.01.31"]
[Round "11"]
[White "Cherniaev, Alexander"]
[Black "Van der Wiel, John"]
[Result "0-1"]
[WhiteElo "2465"]
[BlackElo "2525"]
[Annotator "Yudasin,L"]
[PlyCount "61"]
[EventDate "1998.01.20"]
[EventType "tourn"]
[EventRounds "11"]
[EventCountry "NED"]
[EventCategory "10"]
[SourceTitle "CBM 063"]
[Source "ChessBase"]
[SourceDate "1998.03.26"]
[SourceVersion "1"]
[SourceVersionDate "1998.03.26"]
[SourceQuality "1"]

1. e4 d6 2. d4 Nf6 3. Nc3 g6 4. g3 Bg7 5. Bg2 O-O 6. Nge2 e5 7. h3 a6 $5 (7...
Nc6) (7... c6) (7... Nbd7) 8. a4 (8. O-O b5 9. a4 (9. a3 Bb7 10. d5 c6 11. dxc6
Nxc6 12. Bg5 h6 13. Bxf6 Bxf6 14. Nd5 Bg7 $10) 9... b4 10. dxe5 dxe5 11. Nd5
Nxd5 12. exd5 Bb7 13. Be3 a5 14. c4 bxc3 15. Nxc3 Na6 $13) 8... b6 9. O-O $6 (
9. d5 $5) (9. dxe5 dxe5 10. Be3 Be6 11. O-O $14) 9... exd4 $1 10. e5 $2 (10.
Nxd4 Bb7 11. e5 $2 Bxg2 12. exf6 Qxf6) 10... dxe5 11. Bxa8 c6 12. Kh2 (12. Na2
Bxh3 13. Re1 Qc7) 12... Qc7 (12... Qd7 13. Ng1 Qa7 14. Nce2 Qxa8 $17) 13. Nb1 (
13. a5 b5 14. Nxb5 axb5 15. a6 Qa7 16. Bb7 Bxb7) 13... Qa7 14. Na3 $6 (14. Bxc6
Nxc6 $40 {/\Bb7-a8,/\Qd7,Bb7,Qd5}) 14... Qxa8 15. Nc4 Nfd7 $17 16. f4 $5 $132 (
16. Nd6 $17) 16... c5 $1 17. fxe5 $1 (17. Nd6 e4 18. f5 Ne5 19. f6 Bh8 20. Bh6
Rd8 21. Nxc8 Rxc8 22. Ng1 $19) 17... Nxe5 18. Nxe5 (18. Nxb6 Nf3+ 19. Kg2 (19.
Kh1 Qb7 {/\Ne1,Qg2}) 19... Nh4+ 20. Kf2 Qf3+ 21. Ke1 Ng2+ 22. Kd2 Qe3#) 18...
Bxe5 19. Bf4 $1 (19. Bh6 Re8 20. Nf4 Nd7 21. Qd2 $17) 19... Nd7 (19... Bg7 20.
a5 b5 21. Bd6) 20. Qd2 Qd5 $17 21. Bh6 Re8 (21... Bb7 22. Nf4 Bxf4 23. Bxf4 Re8
24. Rae1 $132) (21... Rd8 22. Nf4 Qd6 23. Nd3 Bb7 24. Qf2 $13 Bd5) 22. Rae1 (
22. Nf4 Bxf4 23. Qxf4 Bb7 24. Rf2 Re5 $40) 22... Nf6 (22... Bb7 23. Nf4 Qc6 24.
Qg2 Qxg2+ 25. Nxg2 f6 $17) (22... Bb7 23. Nf4 Qc6 24. Qg2 Qxg2+ 25. Nxg2 f6 $17
) 23. Nf4 Qd7 $2 (23... Bxf4 24. Rxe8+ Nxe8 25. Qxf4 Bb7 $17) 24. Bg5 $1 (24.
Qg2 Bb7 25. Qd2 Ne4 $40) (24. Kg1 Bb7 $19) 24... Nd5 $1 (24... Bxf4 $2 25. Qxf4
Qxh3+ $2 26. Kg1 Rxe1 27. Rxe1 Bb7 28. Qb8+ Kg7 29. Bxf6+ Kxf6 30. Qe5#) 25.
Nxd5 (25. Kg1 Ne3 26. Rf2 f6 27. Bh6 g5 28. Nh5 Qxh3 $19) 25... Qxh3+ $2 (25...
Qxd5 26. Bf6 Bb7 27. Bxe5 Rxe5 28. Rxe5 Qxe5 29. Re1 Qd5 $17) 26. Kg1 Qxg3+ (
26... Bb7 27. Qh2 Qxh2+ 28. Kxh2 Bxd5 29. Bf6 Bc4 30. Rg1 Bxf6 31. Rxe8+ Kg7
32. Rb8 b5 33. b3 $14) 27. Qg2 (27. Kh1 Bb7 28. c4 dxc3 29. bxc3 Bxd5+ 30. Qxd5
Qh2#) (27. Kh1 Bb7 28. c4 dxc3 29. bxc3 Bxd5+ 30. Qxd5 Qh2#) 27... Qxg2+ 28.
Kxg2 Bb7 29. Bf6 $1 (29. c4 dxc3 30. Rd1 c2 31. Rd2 Bd4) 29... Bxd5+ 30. Kg1
Bc4 $1 31. Rxe5 {31...Re5 32.Be5 Bf1 33.Kf1 f5 34.Bc7 b5 35.Bb6 c4 37.Bd4 Kf7
38.Kf2 g5 39.Ke3h5=/+ Yudasin} (31. Bxe5 Bxf1 32. Kxf1 Re6 $19) 0-1

[Event "Harplinge"]
[Site "Harplinge"]
[Date "1998.08.21"]
[Round "7"]
[White "Sjodahl, Pontus"]
[Black "Hodgson, Julian M"]
[Result "0-1"]
[WhiteElo "2420"]
[BlackElo "2575"]
[Annotator "Yudasin,L"]
[PlyCount "61"]
[EventDate "1998.08.15"]
[EventType "tourn"]
[EventRounds "9"]
[EventCountry "SWE"]
[EventCategory "12"]
[SourceTitle "CBM 067"]
[Source "ChessBase"]
[SourceDate "1998.11.30"]
[SourceVersion "2"]
[SourceVersionDate "1998.11.01"]
[SourceQuality "1"]

1. d4 d6 2. e4 Nf6 3. f3 d5 (3... e5 4. dxe5 dxe5 5. Qxd8+ Kxd8 6. Bc4 $14) (
3... g6 4. c4 {-E...}) 4. e5 Nfd7 5. c4 $5 (5. f4 c5 6. c3 Nc6 7. Nf3 e6 {
-C0...}) 5... e6 (5... dxc4 6. Bxc4 Nb6 7. Bb3 Nc6 8. Ne2 Bf5 {-D3...}) 6. cxd5
(6. Nc3 dxc4 7. Bxc4 Nb6 (7... c5 $5 {/\d~~??-Qh4}) 8. Bb3 c5 $132) 6... exd5
7. f4 (7. Nc3 c5 (7... Nb6 8. f4 c5 9. Nf3 Nc6 10. Be3 cxd4 11. Nxd4 Be7 12.
Be2 $14) 8. dxc5 Nxe5 (8... Bxc5 9. Qxd5 Qb6 10. Bc4 Bxg1 (10... O-O 11. e6 (
11. Nge2 Nc6 12. f4 $13) 11... Nf6 $19) 11. Qxf7+ Kd8 12. e6 $16) 9. Qe2 Qe7
10. Nxd5 Nd3+ 11. Kd2 Qxe2+ 12. Bxe2 $18) 7... c5 8. Nf3 (8. dxc5 Nxc5 9. Nf3
Nc6 10. Bb5 a6) 8... Nc6 9. Bd3 $2 (9. Nc3 cxd4 10. Nxd4 Nb6 11. Be3 $14) 9...
cxd4 10. O-O Nc5 {/\Qb6,Nb4} 11. a3 Qb6 12. b4 Nxd3 13. Qxd3 g6 $1 $17 14. Kh1
(14. Bb2 Bf5 15. Qb3 Bh6 16. g3 d3+ 17. Kg2 Be4 $17) 14... Bf5 15. Qb3 Qb5 16.
Nbd2 Bh6 $1 17. Nh4 (17. g3 Qd3 (17... a5 $17) (17... O-O 18. Bb2 d3 $17) 18.
Qxd5 Rd8 19. Qb3 Qxb3 20. Nxb3 Bc2 21. Nbd2 O-O 22. Bb2 $13) 17... Be4 18. Bb2
Qd3 19. Qd1 (19. Rad1 Qxb3 20. Nxb3 Bc2) (19. Rf2 O-O (19... Qe3 $1 {/\Bf4,
Bd3!?} 20. Raf1 Bxf4 21. Rxf4 Qxd2 22. Rxf7 $132 O-O-O 23. e6 Rhe8 $17 24. h3)
20. b5 Na5 21. Qxd3 Bxd3 22. a4 $132) 19... O-O $17 20. Nxe4 Qxe4 21. Qf3 (21.
Bc1 d3 (21... Nxe5 $1 22. Re1 (22. fxe5 Qxh4 (22... Bxc1 23. Nxg6 fxg6 24. Rxc1
Rxf1+ 25. Qxf1 Qxe5 $17) 23. Bxh6 Qxh6 24. Qxd4 Rad8 25. Rac1 $132) 22... Nd3
23. Rxe4 Nf2+ 24. Kg1 Nxd1 25. Rxd4 Nc3 $17) 22. Rf3 Nxe5 23. fxe5 Qxh4 24.
Rxd3 $15) 21... Nxe5 $3 22. Qxe4 (22. fxe5 Qxh4 23. Qxd5 (23. g3 Qe4 24. Qxe4
dxe4 25. Bxd4 Rfd8) 23... Bf4 24. h3 Qg3 $19) 22... dxe4 23. fxe5 d3 $19 {
Nh4-half piece} 24. g3 e3 25. Kg2 Rac8 (25... e2 26. Rfe1 Rac8 27. Kf3 Rfd8 $19
) 26. Kf3 Rc2 27. Bd4 e2 28. Rfe1 d2 (28... Rd8 29. Bxa7 Bd2 30. Rh1 Bc3 31.
Rab1 d2) 29. Rxe2 Rc1 30. Rxd2 Rxa1 31. Rd3 {31...Rd8 Yudasin} 0-1

[Event "Harplinge"]
[Site "Harplinge"]
[Date "1998.08.17"]
[Round "3"]
[White "Hall, Jesper"]
[Black "Agrest, Evgenij"]
[Result "1/2-1/2"]
[WhiteElo "2485"]
[BlackElo "2545"]
[Annotator "Yudasin,L"]
[PlyCount "150"]
[EventDate "1998.08.15"]
[EventType "tourn"]
[EventRounds "9"]
[EventCountry "SWE"]
[EventCategory "12"]
[SourceTitle "CBM 067"]
[Source "ChessBase"]
[SourceDate "1998.11.30"]
[SourceVersion "2"]
[SourceVersionDate "1998.11.01"]
[SourceQuality "1"]

1. e4 d6 2. d4 Nf6 3. Nc3 g6 4. Bg5 h6 (4... Bg7 5. f4 c5) 5. Bh4 (5. Bxf6 exf6
6. Bd3 Bg7 7. Nge2 Nc6 8. O-O Ne7 9. Ng3 h5 10. Re1 $14) 5... Bg7 6. f4 c5 (
6... O-O 7. Be2 c5 8. e5 Ne8 (8... Nh7 9. dxc5 dxe5 10. Qxd8 Rxd8 11. Bxe7 Re8
12. Bd6 exf4 13. Bxf4 Bxc3+ 14. bxc3 g5 15. Bd6 Nc6 $14) 9. dxc5) 7. e5 (7.
dxc5 Qa5 8. cxd6 (8. Qd2 Qxc5 9. Nf3 $10) 8... Nxe4 9. dxe7 Bxc3+ 10. bxc3
Qxc3+ 11. Ke2 Bg4+ 12. Nf3 Nc6) 7... Nh5 8. dxc5 Nxf4 (8... dxe5 9. Qxd8+ Kxd8
10. O-O-O+ Bd7 11. Nd5 Nxf4 (11... Nc6 12. Bb5 Nxf4 13. Bxe7+ Ke8 14. Nxf4 Kxe7
15. Nd5+ Kd8 16. Nf3 Re8 $13) 12. Bxe7+ Kc8 13. Nxf4 exf4 14. Bc4 $16) 9. exd6
(9. cxd6 g5 10. Bg3 Bxe5) 9... g5 10. Bg3 O-O (10... Qa5 11. Bxf4 Bxc3+ $2 (
11... gxf4 12. Bb5+ Bd7 13. Bxd7+ Nxd7 14. Nge2 Nxc5 15. dxe7 $16) (11... gxf4
12. Bb5+ Bd7 13. Bxd7+ Nxd7 14. Nge2 e5 $13) 12. bxc3 gxf4 13. Qd4 $18) 11.
Bxf4 $1 gxf4 12. Qf3 (12. Nf3 Re8 13. dxe7 Qxe7+ 14. Be2 Qxc5) 12... Nc6 (12...
Qa5 13. dxe7 Bxc3+ 14. Qxc3 Qxc3+ 15. bxc3 Re8 16. Ne2 Rxe7 17. Kf2 Nd7 18.
Nxf4 Nxc5 19. Bd3 Ne4+ 20. Bxe4 Rxe4 21. Nd5 $14) 13. O-O-O (13. dxe7 Qxe7+ 14.
Nge2 Nd4) 13... e5 (13... Nd4 14. Qxf4) 14. Nge2 (14. g3 Nd4) 14... Be6 15. g3
fxg3 16. Qxg3 $6 (16. hxg3 Qa5 (16... Qg5+ 17. Kb1 $16 f5 $132) 17. Qe3 $16 {
/\Rh6}) 16... f5 17. Rg1 Qf6 18. Bg2 $5 (18. Nd5 Bxd5 19. Rxd5 e4 20. c3 (20.
Nc3 f4 21. Qh3 f3 $13) 20... f4 $132) 18... f4 $1 (18... e4 19. Nf4 Bf7 20. Bh3
$18) 19. Qf3 Kh8 20. Ne4 Qf7 21. a3 (21. Bh3 Bxa2 22. b3 (22. d7 Bd5 {/\Be4,Qa2
}) 22... a5 $13) 21... Qd7 $1 {/\Bg4} 22. Bh1 Rac8 $132 23. N4c3 b6 (23... Nd4
24. Qxb7 f3 (24... Nxe2+ 25. Nxe2 Rxc5 26. Qxd7 Bxd7 27. Nc3 f3 $13) 25. Qxd7
Bxd7 26. Nxd4 exd4 27. Ne4) 24. cxb6 axb6 25. Qd3 Nd4 (25... Na5 26. Be4 Nc4
27. Rg6 Rf6 28. Rxf6 Bxf6 $13) 26. Nxd4 exd4 27. Nd5 (27. Ne4 Bc4 28. Qf3 Qa4
$132) 27... Bxd5 (27... Qxd6 28. Rxg7 Kxg7 29. Qxd4+) 28. Bxd5 Rc5 $2 (28...
Qxd6 29. Rxg7 Kxg7 30. Rg1+ Kh8 31. Qxd4+ Rf6 (31... Qf6 32. Rg8+) 32. Rg6 Rcf8
33. Rxh6+ Kg7 34. Rh4 f3 35. Rg4+ Kh8 36. Rh4+ $10 Kg7 37. Qd3 $2 Rg6 38. Qc3+
Rff6 39. Bxf3 Rg1+) 29. Qe4 f3 (29... Qxd6 30. Rxg7 Kxg7 31. Rg1+ Kh8 32. Qxd4+
Rf6 (32... Qf6 33. Rg8+ Kh7 34. Qe4+ Qf5 35. Rxf8) 33. Rg8+ Kh7 34. Qd3+ Rg6
35. Rxg6 Qxd5 36. Qxd5 Rxd5 37. Rxb6 $18) (29... Re8 30. Rxg7 Kxg7 (30... Rxe4
31. Rxd7 Rxd5 32. c4 Rc5 33. Rc7) 31. Rg1+) 30. Qe7 Qxe7 31. dxe7 Re8 32. Bxf3
$16 Rxe7 33. Rge1 (33. Rg2 $16 {/\Be2-d3}) 33... Rxe1 34. Rxe1 Be5 35. Kd2 $2 (
35. b4 Bf4+ 36. Kb2 Rc3 37. Bd5 $16) 35... Kg7 $1 (35... Bxh2 36. Re6 Bf4+ 37.
Kd3 b5) 36. h3 Kf6 37. Kd3 Rc7 38. Bg4 Rg7 39. Rf1+ Ke7 40. Kc4 (40. Ke4 Kd6
41. Rf5 Rg5 42. Rf7 Rg7 43. Rf8 Rg5 $16) 40... Rg8 (40... Kd6 41. Kb5 Kc7 42.
Rf5 Bd6 43. Kc4) 41. b4 $2 (41. Kb5 d3 42. c3 Rg6 43. Re1) 41... h5 42. Bf5 $2
(42. Bxh5 Rg3 $2 (42... Rg2 43. Kd5 Bf6 44. Re1+ $18) 43. Rf3 $18) 42... Kd6
43. a4 Rg7 44. Kb5 Kc7 45. Be4 Re7 46. Bd5 (46. a5 bxa5 47. bxa5 Bd6 48. Bd3
Re5+ 49. Ka4 $16) 46... Bd6 47. a5 bxa5 48. bxa5 Re5 49. Kc4 Re2 50. Rf7+ Kb8
$2 (50... Re7 51. Rf6 Re2 52. Kb3 Re3+ 53. Kb2 Ba3+ 54. Ka2 Be7 55. Rc6+ Kd7
56. a6 Rxh3 (56... Ra3+ 57. Kb2 Ra5 58. Bh1 Bd6 $14) 57. c3 $1 $18) 51. Kd3 (
51. a6 Rxc2+ 52. Kd3 Rc7) 51... Re3+ 52. Kxd4 Ra3 (52... Rxh3 53. a6 Ra3 54.
Rb7+ Kc8 55. a7 $18) 53. Rb7+ Kc8 54. Rb5 Kd7 (54... Bc7 55. a6) 55. Bb7 (55.
Bc4 Rxh3 56. a6 Ra3 57. Kd5 Bc7 58. Rb7 $16) 55... Rxh3 56. a6 Ra3 57. Rxh5 Kc7
$16 58. Rh7+ Kb6 59. Kd5 Bf8 60. c4 Ra5+ 61. Ke4 Ra1 62. Bc8 Be7 $1 63. Kd5 (
63. Rh6+ Kc5) 63... Rd1+ 64. Ke6 Re1+ 65. Kd7 Bf8 66. Bb7 (66. Rh2 Rd1+ 67. Ke8
Bc5 68. Rb2+ Kc7 69. Bb7 Re1+) 66... Rg1 (66... Rf1) 67. Ke8 Bc5 (67... Bb4 68.
Rh6+ Ka7 69. Kd7 Rg4 70. Bd5) 68. Rh6+ Ka7 69. Kd7 Bd4 (69... Be3) 70. Kc6 Rg8
(70... Rg5 71. Rh4 Bf2 72. Rh8) 71. Rh7 Rg7 (71... Rg5 72. Bc8+ Kb8 73. Be6
Rc5+ 74. Kd6 Ra5 75. Rb7+ Ka8 76. Bd5 Rxa6+ 77. Bc6 $18) 72. Rh5 Be3 73. c5 $2
Rg5 74. Rh3 Rxc5+ 75. Kd6 Rc3 {Ending very approximatly Yudasin} 1/2-1/2

[Event "FRA-ch"]
[Site "Narbonne"]
[Date "1997.08.16"]
[Round "2"]
[White "Marciano, David"]
[Black "Leski, Marc"]
[Result "1-0"]
[WhiteElo "2470"]
[BlackElo "2435"]
[Annotator "Yudasin,L"]
[PlyCount "67"]
[EventDate "1997.08.15"]
[EventType "tourn"]
[EventRounds "15"]
[EventCountry "FRA"]
[EventCategory "9"]
[SourceTitle "CBM 061"]
[Source "ChessBase"]
[SourceDate "1997.11.23"]
[SourceVersion "1"]
[SourceVersionDate "1997.11.23"]
[SourceQuality "1"]

1. e4 d6 2. d4 Nf6 3. Nc3 g6 4. Be3 c6 5. Qd2 b5 6. Bd3 e5 7. Nf3 Nbd7 8. dxe5
dxe5 (8... Nxe5 {Nunn} 9. Nxe5 dxe5 10. h3 a6 (10... Bb7 $2 11. Nxb5 cxb5 12.
Bxb5+ Nd7 13. O-O-O Bc8 14. Qd5 $18) (10... Bg7 11. a4 $16) 11. Bh6 $5 (11. a4
$14)) 9. h3 Bb7 (9... Bg7 10. a4 b4 11. Ne2 a5 12. c3 c5 (12... Rb8 13. cxb4 (
13. Rc1 {><c6}) 13... Rxb4 14. Qc2 O-O 15. O-O Qc7 16. Rfc1 Qb8 17. Rab1 Qa8
18. Bd2 Rb8 19. Ng3 c5 20. Bc3 $16 {Gdanski-Van Wely, Iraklion 1993}) (12...
bxc3 13. Qxc3 {/\ Nd2-c4+/-}) 13. cxb4 cxb4 14. O-O O-O 15. Rfd1 Bb7 16. Bb5
Qb8 17. Ng3 $16 {Nunn-Gelfand, Munich 1991}) (9... a6 10. Bh6 Bxh6 11. Qxh6 Nh5
12. O-O Qf6 {/\ Qf4} (12... Nf4 13. Nxe5 $16) 13. a4 b4 (13... Bb7 14. axb5
axb5 15. Rxa8+ Bxa8 16. Ra1 $16 Ke7 $6 17. Bxb5 $1 cxb5 18. Rxa8 $18) 14. Ne2
Qg7 (14... Nf4 15. Nxf4 Qxf4 16. Qg7 $16) 15. Qd2 $14) 10. a4 a6 11. O-O Bg7
12. Ne2 {[%cal Ge2g3,Yc2c4]} O-O 13. Ng3 Qe7 $146 (13... Qc7 14. Bh6 $2 {
the beginning of the wrong action} (14. c4 $142) 14... Rfe8 15. Nf5 $6 Bh8 16.
Qg5 c5 {[%csl Re4][%cal Gc5c4]} 17. Rfd1 (17. axb5 $142 c4 18. Bxc4 $1 (18.
bxa6 Bxa6 19. Be2 Nc5 20. Ng3 Nfxe4 21. Nxe4 Nxe4 $15 {[%cal Gf7f5]}) 18...
Qxc4 19. Nd6 Qxc2 20. Rfc1 Qxb2 21. Nxb7 axb5 22. Rab1 $132) 17... c4 18. Be2
Bxe4 19. Nd6 Bxc2 $1 20. Nxe8 Rxe8 21. Rdc1 Bf5 22. axb5 axb5 23. Qd2 Nc5 24.
Qb4 Rb8 25. Be3 Nd3 $17 {[%cal Gf6d5] Kogan,A-Van Wely,L/Heraklio op 1993/TD
93\09/0-1 (40)}) 14. c4 b4 (14... bxa4 15. c5 $1 Nxc5 16. Qb4 Nfd7 17. Rfc1
Rfd8 18. Rxc5 Nxc5 19. Bxc5 $16) 15. c5 $1 $14 {/+/- ()} a5 (15... Nxc5 $4 16.
Qxb4 Nfd7 17. Rac1 Rfd8 {[%cal Gg7f8]} 18. Rxc5 Nxc5 19. Bxc5 $18) 16. Qc2 Ne8
$6 (16... Ba6 $142 17. Bxa6 Rxa6 18. Rfd1 $14 {/+/- <->d}) 17. Rfd1 Nc7 {
[%csl Rc5][%cal Gc7e6]} (17... Ba6 $142 18. Bxa6 Rxa6 19. Nd2 Nc7 20. Nb3 $14 {
[%cal Gd1d6,Ga1d1] /+/-}) 18. Bc4 Kh8 19. Bb3 Ne6 20. Bxe6 Qxe6 21. Rd6 Qe8 22.
Qd2 $1 $16 {[%cal Ge3h6]} Nf6 23. Bh6 Bxh6 24. Qxh6 {[%csl Rb7,Rc6] <->d} Ng8
25. Qd2 Bc8 26. Rd1 Be6 $2 (26... f6 27. Rd8 Qxd8 28. Qxd8 Rxd8 29. Rxd8 Kg7
30. Nd2 $16 {[%cal Gd2c4,Yc4d6,Yc4b6]}) 27. Nxe5 $18 Bb3 (27... Bxh3 28. Nxc6 (
28. Qd4 f6 29. Nxc6) 28... Be6 29. Nd4 $18) 28. Nd7 $18 Bxd1 29. Qxd1 Rc8 30.
Qd4+ f6 31. Nxf8 Qxf8 32. Ne2 Qe7 33. Nf4 Re8 34. f3 {[%csl Rc6,Rf6,Rg8]} 1-0

[Event "FRA-ch"]
[Site "Narbonne"]
[Date "1997.08.26"]
[Round "11"]
[White "Relange, Eloi"]
[Black "Chabanon, Jean Luc"]
[Result "0-1"]
[WhiteElo "2505"]
[BlackElo "2455"]
[Annotator "Yudasin,L"]
[PlyCount "90"]
[EventDate "1997.08.15"]
[EventType "tourn"]
[EventRounds "15"]
[EventCountry "FRA"]
[EventCategory "9"]
[SourceTitle "CBM 061"]
[Source "ChessBase"]
[SourceDate "1997.11.23"]
[SourceVersion "1"]
[SourceVersionDate "1997.11.23"]
[SourceQuality "1"]

1. e4 d6 2. d4 Nf6 3. Nc3 g6 4. g3 Bg7 5. Bg2 O-O 6. Nge2 e5 7. h3 Nc6 8. Be3
exd4 9. Nxd4 Bd7 10. Nde2 Re8 11. O-O b5 12. a3 a5 13. g4 (13. Nf4 $6 Rb8 (
13... b4 $5 14. axb4 axb4 15. Rxa8 Qxa8 16. Ncd5 Qb8 17. Nxf6+ Bxf6 18. b3 $11)
14. f3 Ne5 (14... b4 15. axb4 axb4 16. Nce2 Ne5 {[%cal Ge5c4]} 17. Nd3 (17. b3
$5 Bb5) 17... Nc4 18. Bd4 $6 (18. Bf2 $5 {[%cal Gb2b3]} d5 $140 19. b3 dxe4 20.
fxe4) 18... c5 19. Bf2 Bc6 20. b3 Nb6 21. Qd2 Qc7 22. g4 Nfd7 23. Rad1 Nc8 $15
{[%cal Gc8a7,Ga7b5] Gabriel,C-Hickl,J/It, Bad Homburg GER 1997/0-1(60)}) 15.
Bf2 Nc4 16. b3 Nb6 17. Qd2 b4 18. axb4 axb4 19. Nce2 d5 20. e5 Rxe5 21. Nd3 Re8
22. Nxb4 Bb5 23. Rae1 Qd6 24. Nd3 Nbd7 $15 {Magem Badals Jorge-Calvo Jesus
Maria/Ch Spain, Matalascanas (Spain) 1995/1/2-1/2(27)}) (13. Nd4 $5 {Sadler} b4
14. e5 $1 Nxe5 (14... Nxd4 15. exf6 bxc3 16. fxg7 cxb2 17. Rb1 Nf5 18. Bd2 $1
$44) 15. axb4 c6 (15... axb4 $4 16. Rxa8 $18) 16. b5 cxb5 17. Ndxb5 (17. Bxa8
$6) 17... d5 $1 18. Bd4 Rb8 19. Re1 $1 {Sadler,M-Nevednichy,V/Yerevan (ol/04)
1996/1-0(29)}) 13... b4 14. axb4 axb4 15. Rxa8 Qxa8 16. Nd5 Nxd5 17. exd5 Ne5
18. b3 c5 19. Re1 (19. Ng3 Qc8 20. Ne4 Qb8 21. f4 Nxg4 22. hxg4 f5 23. gxf5
gxf5 24. Ng5 (24. Nxc5 $6 Rxe3 25. Nxd7 Qa7) 24... Rxe3 25. Qh5 h6 $2 (25...
Qe8 $1 26. Qxh7+ Kf8 $17) 26. Qf7+ Kh8 27. Qxd7 hxg5 28. fxg5 Bd4 29. Kh1 Qe8
30. Qxd6 Qh5+ 31. Qh2 Qxh2+ 32. Kxh2 Kg7 33. Rxf5 Kg6 {Gelfand,B-Adams,M/
Madrid 1996/CBM 53/1/2-1/2 (64)}) 19... f5 $146 (19... Qc8 20. Qc1 {[%cal
Gf2f4]} h5 21. f4 hxg4 22. fxe5 gxh3 23. e6 $8 hxg2 24. exd7 Qxd7 $13 {Svidler,
P-Makarjev,I/URS-chJ Jurmala 1992/EXP 28/1/2-1/2 (43)}) 20. g5 Nf7 21. h4 Rxe3
$5 22. fxe3 Qe8 23. Qd2 {[%cal Ye3e4]} (23. Nf4 Bc3 24. Re2 Bb5 25. Nd3 (25.
Ne6 Bxe2 26. Qxe2 Nd8 $11) 25... Ne5 $44) 23... Ne5 {[%cal Ge5g4]} 24. e4 Ng4
25. exf5 gxf5 26. Nf4 $4 (26. Ng3 Bd4+ 27. Kh1 Qf7 (27... Qxe1+ 28. Qxe1 Nf2+
29. Kh2 Ng4+ $11) 28. Rf1 Ne3 29. Rf3 f4 (29... Nxg2 30. Kxg2 Qxd5 31. Nxf5 $1
Bxf5 32. Qf4) (29... Nxd5 30. Ne2 Be5 31. Rf1 Ne7 32. Nf4 $14) 30. Ne2 Be5 31.
Nxf4 Bxf4 32. Rxe3 Qf5 33. Qd3 Bxe3 34. Qxe3 Qxc2 $11) 26... Bd4+ $17 {/-+} 27.
Kh1 Be3 28. Rxe3 Qxe3 29. Qxe3 Nxe3 30. Nh5 {[%csl Rc2,Rd5]} Bb5 31. Bh3 Be2 {
[%cal Ge2d1,Ge2f3]} 32. Nf6+ Kf7 33. Kg1 (33. Nxh7 Bd1 34. Nf6 Bxc2 (34... Kg6
$2 35. Kg1 Bxc2 36. Kf2 f4 37. Kf3 Bxb3 38. Be6) 35. h5 c4 $19) 33... Bd1 34.
Kf2 (34. Nxh7 Bxc2 35. Nf6 c4) 34... Ng4+ 35. Bxg4 fxg4 36. Ne4 (36. Nxh7 Bxc2
37. Nf6 c4 $19) 36... Ke7 37. Nd2 Bxc2 38. Kg3 Bd1 39. h5 Kf8 40. Kf4 g3 41.
Kxg3 Bxh5 42. Nc4 Ke7 43. Ne3 Bg6 {[%cal Gg6d3]} 44. Kg4 Bd3 45. Kh5 (45. Kf4
Kf7 {[%cal Gf7g6,Yc5c4]} 46. Kf3 Kg6 47. Kf4 c4 {[%csl Rg5][%cal Yb4b3]}) 45...
c4 0-1